banner-ar

حكايات كانتربرى / (Record no. 59018)

MARC details
000 -الفاتح
حقل البيانات ثابتة الطول 00641nam a2200205Ia 4500
008 - عناصر البيانات ثابتة الطول - معلومات عامة
حقل البيانات ثابتة الطول 140319s9999 xx 000 0 ara d
040 ## - مصدر الفهرسة
وكالة الفهرسة الأصلية GCL /
وكالة النسخ GCL
082 04 - رقم تصنيف ديوى العشرى
رقم التصنيف 823
رقم المادة ت ح
100 1# - المدخل الرئيسى - إسم شخصى
الإسم الشخصى مجدى وهبة
245 10 - بيان العنوان
العنوان حكايات كانتربرى /
بيان المسئوليه,etc مجدى وهبة
700 1# - المدخل الاضافى - اسم شخصى
الإسم الشخصى عبدالحميد يونس
700 1# - المدخل الاضافى - اسم شخصى
الإسم الشخصى تشوسر، جيفرى
260 ## - PUBLICATION, DISTRIBUTION, ETC. (IMPRINT)
تاريخ النشر أو التوزيع 1983
300 ## - الوصف المادى
التعداد 510 ص
490 ## - بيان السلسلة
عنوان السلسلة
650 04 - المدخل الاضافى بالموضوع-مصطلح موضوعى
مصطلح موضوعي القصص الامريكية المترجمة
650 04 - المدخل الاضافى بالموضوع-مصطلح موضوعى
مصطلح موضوعي الادب الامريكى المترجم
942 ## - عناصر المدخل الإضافي( كوها)
مصدر التصنيف او مخطط الترفيف Dewey Decimal Classification
Koha [default] item type كتاب
260 ## - PUBLICATION, DISTRIBUTION, ETC. (IMPRINT)
-- [S.N] :
-- الهيئة المصرية العامة للكتاب ،
Holdings
حالة التراجع حالة الفقد حالة تلف ليس للاعارة المكان المؤقت الموقع الحالى تاريخ الاكتساب اجمالي اﻻعارات رقم الطلب الباركود تاريخ اخر مشاهدة تاريخ تفعيل السعر نوع وعاء كوها
        مكتبة القاهرة الكبرى مكتبة القاهرة الكبرى 03/26/2014   823\ت ح 153109 03/26/2014 03/26/2014 كتاب

Powered By

EGPV